书目信息 |
| 题名: |
环境影响评价案例分析
|
|
| 作者: | 刘伟生 主编 ;环境保护部 编 | |
| 分册: | ||
| 出版信息: | 北京 中国环境出版社 2014 |
|
| 页数: | 591页 | |
| 开本: | 23cm | |
| 丛书名: | ||
| 单 册: | ||
| 中图分类: | X820.3 | |
| 科图分类: | ||
| 主题词: | 环境影响--评价--案例--资格考核--自学参考资料 , 环境影响 | |
| 电子资源: | ||
| ISBN: | 978-7-5111-1729-8 | |
| 000 | 01029nam0 2200277 450 | |
| 001 | 140057 | |
| 005 | 20140915100845.70 | |
| 010 | @a978-7-5111-1729-8@dCNY 125.00 | |
| 100 | @a20140424d2014 em y0chiy50 ea | |
| 101 | 0 | @achi |
| 102 | @aCN@b110000 | |
| 105 | @aa z 000yy | |
| 200 | 1 | @a环境影响评价案例分析@Ahuan jing ying xiang ping jia an li fen xi@b专著@e2014年版@f环境保护部环境工程评估中心编 |
| 205 | @a7版 | |
| 210 | @a北京@c中国环境出版社@d2014 | |
| 215 | @a591页@c图@d23cm | |
| 300 | @a全国环境影响评价工程师职业资格考试系列参考教材 | |
| 314 | @a主编:刘伟生 | |
| 330 | @a本书是在收集和整理了大量建设项目环境影响评价、规划环境影响评价、竣工环境保护验收实际案例,并从中选取了具有代表性的案例,在分析点评基础上汇编完成的。 | |
| 606 | 0 | @a环境影响@x评价@x案例@x资格考核@j自学参考资料 |
| 606 | 0 | @a环境影响 |
| 690 | @aX820.3@v5 | |
| 701 | 0 | @a刘伟生@Aliu wei sheng@c(环境)@4主编 |
| 712 | 02 | @a环境保护部@Ahuan jing bao hu bu@b环境工程评估中心@4编 |
| 801 | 0 | @c20140915 |
| 905 | @a241430@dX820.3@eH7845=7 | |
| 环境影响评价案例分析:2014年版/环境保护部环境工程评估中心编.-7版.-北京:中国环境出版社,2014 |
| 591页:图;23cm |
| 全国环境影响评价工程师职业资格考试系列参考教材 |
| ISBN 978-7-5111-1729-8:CNY 125.00 |
| 本书是在收集和整理了大量建设项目环境影响评价、规划环境影响评价、竣工环境保护验收实际案例,并从中选取了具有代表性的案例,在分析点评基础上汇编完成的。 |
| ● |
| 相关链接 |
|
|
|
正题名:环境影响评价案例分析
索取号:X820.3/H7845=7
 
预约/预借
| 序号 | 登录号 | 条形码 | 馆藏地/架位号 | 状态 | 备注 |
| 1 | 0833153 | 208331535 | 自科库501/501自科库 112排2列5层/ [索取号:X820.3/H7845=7] | 在馆 | |
| 2 | 0833154 | 208331544 | 自科库501/501自科库 112排2列5层/ [索取号:X820.3/H7845=7] | 在馆 | |
| 3 | 0833155 | 208331553 | 自科二线504/501自科库 112排2列5层/ [索取号:X820.3/H7845=7] | 在馆 | |
| 4 | 0833156 | 208331562 | 市政与环境工程学院资料室/501自科库 112排2列5层/ [索取号:X820.3/H7845=7] | 在馆 | |
| 5 | 0833157 | 208331571 | 自科二线504/504自科库 10排3列1层/ [索取号:X820.3/H7845=7] | 在馆 | |
| 6 | 0833158 | 208331580 | 自科二线504/504自科库 11排3列1层/ [索取号:X820.3/H7845=7] | 在馆 | |
| 7 | 0833159 | 208331599 | 自科二线504/501自科库 112排2列5层/ [索取号:X820.3/H7845=7] | 在馆 | |
| 8 | 0833160 | 208331606 | 自科二线504/501自科库 112排2列5层/ [索取号:X820.3/H7845=7] | 在馆 | |
| 9 | 0833161 | 208331615 | 自科二线504/501自科库 112排2列5层/ [索取号:X820.3/H7845=7] | 在馆 | |
| 10 | 0833162 | 208331624 | 自科二线504/504自科库 11排3列1层/ [索取号:X820.3/H7845=7] | 在馆 |